<?xml version="1.0" encoding="UTF-8"?>
<record
    xmlns:xsi="http://www.w3.org/2001/XMLSchema-instance"
    xsi:schemaLocation="http://www.loc.gov/MARC21/slim http://www.loc.gov/standards/marcxml/schema/MARC21slim.xsd"
    xmlns="http://www.loc.gov/MARC21/slim">

  <leader>01971nam a2200349 i 4500</leader>
  <controlfield tag="001">000047476</controlfield>
  <controlfield tag="003">DO-SdBNP</controlfield>
  <controlfield tag="005">20240726135029.0</controlfield>
  <controlfield tag="007">ta</controlfield>
  <controlfield tag="008">180704s2017    dr  000 0 spa d</controlfield>
  <datafield tag="020" ind1=" " ind2=" ">
    <subfield code="a">9789945088809</subfield>
  </datafield>
  <datafield tag="040" ind1=" " ind2=" ">
    <subfield code="a">DO-SdBNP</subfield>
    <subfield code="b">spa</subfield>
    <subfield code="c">BPMSU</subfield>
    <subfield code="e">rda</subfield>
  </datafield>
  <datafield tag="082" ind1=" " ind2="4">
    <subfield code="a">467.7293</subfield>
    <subfield code="b">P426n 2017</subfield>
    <subfield code="2">22</subfield>
  </datafield>
  <datafield tag="100" ind1="1" ind2=" ">
    <subfield code="a">Peralta, Luz,</subfield>
    <subfield code="e">autor</subfield>
  </datafield>
  <datafield tag="245" ind1="1" ind2="0">
    <subfield code="a">No es lo mismo ni es igual :</subfield>
    <subfield code="b">dudas lexicol&#xF3;gicas en el lenguaje cotidiano de los dominicanos /</subfield>
    <subfield code="c">Luz Peralta ; pr&#xF3;logo, Rafael Peralta Romero.</subfield>
  </datafield>
  <datafield tag="264" ind1=" " ind2=" ">
    <subfield code="a">Santo Domingo :</subfield>
    <subfield code="b">Editora B&#xFA;ho,</subfield>
    <subfield code="c">2017.</subfield>
  </datafield>
  <datafield tag="300" ind1=" " ind2=" ">
    <subfield code="a">164 p&#xE1;ginas ;</subfield>
    <subfield code="c">24 cm.</subfield>
  </datafield>
  <datafield tag="336" ind1=" " ind2=" ">
    <subfield code="2">rdacontent</subfield>
    <subfield code="a">texto</subfield>
    <subfield code="b">txt</subfield>
  </datafield>
  <datafield tag="337" ind1=" " ind2=" ">
    <subfield code="2">rdamedia</subfield>
    <subfield code="a">sin mediaci&#xF3;n</subfield>
    <subfield code="b">n</subfield>
  </datafield>
  <datafield tag="338" ind1=" " ind2=" ">
    <subfield code="2">rdacarrier</subfield>
    <subfield code="a">volumen</subfield>
    <subfield code="b">nc</subfield>
  </datafield>
  <datafield tag="500" ind1=" " ind2=" ">
    <subfield code="a">Incluye datos biogr&#xE1;ficos de la autora en la solapa de la cubierta</subfield>
  </datafield>
  <datafield tag="504" ind1=" " ind2=" ">
    <subfield code="a">Bibliograf&#xED;a : p. 163-164</subfield>
  </datafield>
  <datafield tag="505" ind1="0" ind2=" ">
    <subfield code="a">Pr&#xF3;logo -- Nota introductoria -- Lenguaje, lengua y ling&#xFC;&#xED;stica. Lexicolog&#xED;a y l&#xE9;xico. Gram&#xE1;tica y sus partes -- Significante. Significado y sus clases. La sem&#xE1;ntica. Monosemia -- Relaciones sem&#xE1;nticas entre palabras. Relaciones independientes, de intersecci&#xF3;n, de inclusi&#xF3;n y de ambig&#xFC;edad. La polisemia, definici&#xF3;n y causas -- &#xBF;Por qu&#xE9; cambian las palabras de significado?. Palabras compuestas, unidas o separadas. Locuciones o expresiones unidas o separadas seg&#xFA;n su significado. El alfabeto espa&#xF1;ol. Los d&#xED;grafos -- Recopilaci&#xF3;n, en orden alfab&#xE9;tico, de t&#xE9;rminos que generan dudas en el lenguaje cotidiano de los dominicanos -- Palabras que generan dudas en los d&#xED;grafos &#xA8;LL&#xA8; y &#xA8;CH&#xA8;-- Bibliograf&#xED;a y fuentes de documentaci&#xF3;n.</subfield>
  </datafield>
  <datafield tag="590" ind1=" " ind2=" ">
    <subfield code="a">Inventariado, 2024/ VM</subfield>
  </datafield>
  <datafield tag="650" ind1=" " ind2="4">
    <subfield code="a">Dominicanismos </subfield>
    <subfield code="v">Diccionario </subfield>
  </datafield>
  <datafield tag="650" ind1=" " ind2="4">
    <subfield code="a">Cultura popula</subfield>
  </datafield>
  <datafield tag="650" ind1=" " ind2="4">
    <subfield code="a"> Espa&#xF1;ol</subfield>
    <subfield code="x">Provincialismos </subfield>
    <subfield code="z">Rep&#xFA;blica Dominicana</subfield>
  </datafield>
  <datafield tag="700" ind1="1" ind2=" ">
    <subfield code="a">Peralta Romero, Rafael,</subfield>
    <subfield code="e">pr&#xF3;logo</subfield>
  </datafield>
  <datafield tag="700" ind1="z" ind2=" ">
    <subfield code="a">Romero, Rafael Peralta, </subfield>
    <subfield code="d">1948-</subfield>
  </datafield>
  <datafield tag="910" ind1=" " ind2=" ">
    <subfield code="a">VMateo V. Control de calidad. BPMSU </subfield>
  </datafield>
  <datafield tag="942" ind1=" " ind2=" ">
    <subfield code="2">ddc</subfield>
    <subfield code="c">BK</subfield>
  </datafield>
  <datafield tag="952" ind1=" " ind2=" ">
    <subfield code="0">0</subfield>
    <subfield code="1">0</subfield>
    <subfield code="2">ddc</subfield>
    <subfield code="4">0</subfield>
    <subfield code="7">0</subfield>
    <subfield code="8">CD</subfield>
    <subfield code="a">BPMET</subfield>
    <subfield code="b">BPMET</subfield>
    <subfield code="d">2024-07-26</subfield>
    <subfield code="l">0</subfield>
    <subfield code="o">BPMSU CD 467.7293 P426n 2017</subfield>
    <subfield code="p">BPMSUT24070118</subfield>
    <subfield code="r">2024-07-26</subfield>
    <subfield code="w">2024-07-26</subfield>
    <subfield code="y">BK</subfield>
  </datafield>
  <datafield tag="999" ind1=" " ind2=" ">
    <subfield code="c">13651</subfield>
    <subfield code="d">13651</subfield>
  </datafield>
</record>
